Encyclopaedia of world great educational thinkers (Record no. 6392)
[ view plain ]
| 000 -LEADER | |
|---|---|
| fixed length control field | 00509nam a2200145Ia 4500 |
| 020 ## - INTERNATIONAL STANDARD BOOK NUMBER | |
| ISBN | 9788171392360 |
| 082 ## - DEWEY DECIMAL CLASSIFICATION NUMBER | |
| Classification number | RR 370.92 ENC- |
| 245 #0 - TITLE STATEMENT | |
| Title | Encyclopaedia of world great educational thinkers |
| 260 ## - PUBLICATION, DISTRIBUTION, ETC. (IMPRINT) | |
| Place of publication | Nagaland |
| Name of publisher | Jnanada Prakashan |
| Year of publication | 2009 |
| 500 ## - GENERAL NOTE | |
| General note | contents: 5vols. Vol 1. (x, 1-286p.) - v.2 (x, 288-600p.) - v.3 (x, 602-914p.) - v.4 (x, 916-1192p.) - v.5 (x, 1194-1491p.) |
| 650 ## - SUBJECT ADDED ENTRY--TOPICAL TERM | |
| Topical Term | Educators |
| Form subdivision | Biography |
| 650 ## - SUBJECT ADDED ENTRY--TOPICAL TERM | |
| Topical Term | Educational psychology |
| Form subdivision | Biography |
| 700 ## - ADDED ENTRY--PERSONAL NAME | |
| Personal name | Dewan, M.L. |
| 942 ## - ADDED ENTRY ELEMENTS (KOHA) | |
| Koha item type | Books |
| Source of classification or shelving scheme | Dewey Decimal Classification |
| Withdrawn status | Lost status | Damaged status | Not for loan | Home library | Current library | Date acquired | Source of acquisition | Serial Enumeration / chronology | Bill Date | Full call number | Accession Number | Price effective from | Koha item type |
|---|---|---|---|---|---|---|---|---|---|---|---|---|---|
| NASSDOC Library | NASSDOC Library | 09/02/2009 | UPPAL | V.1 | 2008-12-30 | RR 370.92 ENC- | 45022 | 18/04/2019 | Books | ||||
| NASSDOC Library | NASSDOC Library | 09/02/2009 | UPPAL | V.2 | 2008-12-30 | RR 370.92 ENC- | 45023 | 18/04/2019 | Books | ||||
| NASSDOC Library | NASSDOC Library | 09/02/2009 | UPPAL | V.3 | 2008-12-30 | RR 370.92 ENC- | 45024 | 18/04/2019 | Books | ||||
| NASSDOC Library | NASSDOC Library | 09/02/2009 | UPPAL | V.4 | 2008-12-30 | RR 370.92 ENC- | 45025 | 18/04/2019 | Books | ||||
| NASSDOC Library | NASSDOC Library | 09/02/2009 | UPPAL | V.5 | 2008-12-30 | RR 370.92 ENC- | 45026 | 18/04/2019 | Books |
